000 00460pam a2200169 a 4500
020 _a0813314887 (Hardcover)
020 _a0813314895 (Paperback)
040 _cDLC
082 0 0 _a338 WES 1991 C150 Or.
100 1 _aSmillie, Ian.
245 1 0 _aMastering the machine :
_bpoverty, aid, and technology /
260 _aBoulder :
_bWestview Press,
_c1991.
300 _axi, 268 p. ;
_c24 cm.
650 0 _aTechnical assistance
650 0 _aPoor
942 _cAEDBB
999 _c18662
_d18662